[Event "Quebec-ch qual."]
[Site "Gatineau CAN"]
[Date "2009.03.24"]
[Round "3"]
[White "Cossette, Daniel"]
[Black "Guimond, Michel"]
[Result "1-0"]
[WhiteElo "2018"]
[BlackElo "1899"]
[PlyCount "67"]
[GameId "2160767910239818"]
[EventDate "2009.03.10"]
[EventType "swiss"]
[EventRounds "5"]
[EventCountry "CAN"]
[SourceTitle "EXT 2010"]
[Source "ChessBase"]
[SourceDate "2009.11.30"]
[SourceVersion "1"]
[SourceVersionDate "2009.11.30"]
[SourceQuality "1"]

1. e4 e6 2. d4 d5 3. Nc3 Bb4 4. e5 c5 5. Qg4 Ne7 6. dxc5 Qa5 7. Bd2 Bd7 8. Qxg7 Rg8 9. Qxh7 Nbc6 10. Nf3 O-O-O 11. Qd3 Ng6 12. Qe2 Qxc5 13. O-O-O d4 14. Ne4 Bxd2+ 15. Qxd2 Qb6 16. Nd6+ Kb8 17. Nxf7 Rc8 18. Kb1 Nb4 19. Rc1 Ba4 20. Bd3 Ne7 21. Nd6 Ned5 22. Nc4 Qa6 23. Na3 Qb6 24. Ka1 Rgd8 25. Bc4 Rxc4 26. Nxc4 Qa6 27. Na3 Rc8 28. Nxd4 Nc3 29. bxc3 Nd5 30. c4 Nb6 31. Qb4 Nxc4 32. Nxc4 Rxc4 33. Qf8+ Rc8 34. Qd6+ 1-0

[Event "Quebec-ch qual."]
[Site "Gatineau CAN"]
[Date "2009.03.24"]
[Round "3"]
[White "Desjardins, Michel"]
[Black "Carrier, Claude"]
[Result "0-1"]
[WhiteElo "1989"]
[BlackElo "1938"]
[PlyCount "148"]
[GameId "2160767910239819"]
[EventDate "2009.03.10"]
[EventType "swiss"]
[EventRounds "5"]
[EventCountry "CAN"]
[SourceTitle "EXT 2010"]
[Source "ChessBase"]
[SourceDate "2009.11.30"]
[SourceVersion "1"]
[SourceVersionDate "2009.11.30"]
[SourceQuality "1"]

1. e4 c5 2. Nc3 e6 3. g3 d5 4. exd5 exd5 5. d4 Nf6 6. Bg2 Bg4 7. Nge2 Nc6 8. a3 Be6 9. O-O c4 10. Bg5 Be7 11. Nf4 Ng8 12. Bxe7 Ngxe7 13. Re1 Qd7 14. Ncxd5 O-O 15. Nxe7+ Nxe7 16. Nxe6 fxe6 17. c3 Rf6 18. Qe2 Rc8 19. Qe4 Nd5 20. h4 Ne7 21. Re2 Rc7 22. Rae1 Nc6 23. d5 exd5 24. Qxd5+ Kf8 25. Re8+ Qxe8 26. Rxe8+ Kxe8 27. Qg8+ Rf8 28. Qe6+ Kd8 29. Bh3 g6 30. g4 Ne7 31. Qd6+ Kc8 32. g5+ Kb8 33. b4 Rf3 34. Qd8+ Nc8 35. Bxc8 Rxc8 36. Qd5 Rcf8 37. Qxc4 Rxf2 38. a4 R2f4 39. Qd5 Rg4+ 40. Kh2 Rc8 41. Qe5+ Ka8 42. a5 Rxh4+ 43. Kg2 Rhc4 44. b5 R4c5 45. Qe4 Rxg5+ 46. Kh2 Rxb5 47. a6 Rb6 48. axb7+ Rxb7 49. c4 Kb8 50. Qe5+ Rbc7 51. Qb5+ Ka8 52. Qd5+ Rc6 53. Kg3 a6 54. Kg2 Ka7 55. Qd4+ Rc5 56. Kg3 a5 57. Kg2 Ka6 58. Qd6+ R5c6 59. Qd7 R8c7 60. Qd5 Rxc4 61. Qa8+ Kb5 62. Qd5+ Kb4 63. Qd2+ Rc3 64. Qb2+ Rb3 65. Qd2+ Rcc3 66. Qd4+ Ka3 67. Qd6+ Ka2 68. Qd5 a4 69. Kf2 Rc2+ 70. Ke1 Kb1 71. Qe4 Rbb2 72. Kd1 a3 73. Qd3 a2 74. Qe4 a1=Q 0-1

[Event "Quebec-ch qual."]
[Site "Gatineau CAN"]
[Date "2009.03.24"]
[Round "3"]
[White "Duret, Serge"]
[Black "Menard, Marc"]
[Result "0-1"]
[WhiteElo "1015"]
[BlackElo "1542"]
[PlyCount "42"]
[GameId "2160767910239820"]
[EventDate "2009.03.10"]
[EventType "swiss"]
[EventRounds "5"]
[EventCountry "CAN"]
[SourceTitle "EXT 2010"]
[Source "ChessBase"]
[SourceDate "2009.11.30"]
[SourceVersion "1"]
[SourceVersionDate "2009.11.30"]
[SourceQuality "1"]

1. e4 e5 2. Nf3 Nc6 3. Bb5 Nf6 4. Nc3 a6 5. Bxc6 dxc6 6. Nxe5 Qd4 7. Nf3 Qd8 8. h3 Bc5 9. O-O O-O 10. d4 Ba7 11. Bg5 h6 12. Bh4 g5 13. Bg3 Re8 14. e5 Nd5 15. Ne4 Bf5 16. Qd3 Kg7 17. Qe2 b5 18. Nc5 Bxc5 19. dxc5 Qe7 20. c4 Nb4 21. cxb5 Bd3 0-1

[Event "Quebec-ch qual."]
[Site "Gatineau CAN"]
[Date "2009.03.24"]
[Round "3"]
[White "Gagnon, Fabien"]
[Black "Libersan, Mattieu"]
[Result "1-0"]
[WhiteElo "1938"]
[BlackElo "1846"]
[PlyCount "107"]
[GameId "2160767910239821"]
[EventDate "2009.03.10"]
[EventType "swiss"]
[EventRounds "5"]
[EventCountry "CAN"]
[SourceTitle "EXT 2010"]
[Source "ChessBase"]
[SourceDate "2009.11.30"]
[SourceVersion "1"]
[SourceVersionDate "2009.11.30"]
[SourceQuality "1"]

1. Nf3 f5 2. g3 g6 3. Bg2 Bg7 4. d4 d6 5. O-O Nf6 6. c4 O-O 7. Nc3 c6 8. Qd3 Nbd7 9. Ng5 Nb6 10. d5 c5 11. b3 h6 12. Nf3 Bd7 13. Bb2 Qe8 14. Nh4 Qf7 15. f4 Rad8 16. Qc2 Nc8 17. e4 Ng4 18. Nd1 e6 19. h3 Nf6 20. dxe6 Bxe6 21. exf5 Bxf5 22. Nxf5 gxf5 23. Qxf5 Ne7 24. Qc2 d5 25. cxd5 Nexd5 26. Qxc5 Rfe8 27. Be5 Rc8 28. Qf2 Nb4 29. Qd2 a5 30. Ne3 Red8 31. Qe2 Qg6 32. g4 Nfd5 33. Nxd5 Nxd5 34. Rfd1 Nb4 35. Rxd8+ Rxd8 36. Rd1 Rxd1+ 37. Qxd1 Bxe5 38. fxe5 Qb6+ 39. Kh1 Qe3 40. Qd8+ Kg7 41. Qf6+ Kh7 42. Qf7+ Kh8 43. Qf6+ Kh7 44. Qf5+ Kg7 45. Be4 Qxh3+ 46. Kg1 Qe3+ 47. Kg2 Qe2+ 48. Kg3 Qe1+ 49. Kh3 Qc3+ 50. Kh4 Qe1+ 51. Kh5 Qg3 52. Qg6+ Kf8 53. Qxh6+ Ke7 54. Qd6+ 1-0

[Event "Quebec-ch qual."]
[Site "Gatineau CAN"]
[Date "2009.03.24"]
[Round "3"]
[White "Groleau, Gilles"]
[Black "Brousseau, Yvan"]
[Result "1/2-1/2"]
[WhiteElo "1907"]
[BlackElo "1998"]
[PlyCount "111"]
[GameId "2160767910239822"]
[EventDate "2009.03.10"]
[EventType "swiss"]
[EventRounds "5"]
[EventCountry "CAN"]
[SourceTitle "EXT 2010"]
[Source "ChessBase"]
[SourceDate "2009.11.30"]
[SourceVersion "1"]
[SourceVersionDate "2009.11.30"]
[SourceQuality "1"]

1. e4 d5 2. exd5 Qxd5 3. Nc3 Qa5 4. d4 Nf6 5. Nf3 Bf5 6. Bd2 c6 7. Bc4 e6 8. Ne4 Qc7 9. Ng3 Bg6 10. Ne5 Bd6 11. Bf4 Nbd7 12. Nxg6 hxg6 13. Bxd6 Qxd6 14. Qd2 O-O-O 15. O-O-O Rh4 16. Bb3 Nb6 17. c3 Nbd5 18. h3 Nf4 19. Rhg1 N4d5 20. Rge1 Nf4 21. Rg1 N4d5 22. Rge1 Ne7 23. Qg5 Rdh8 24. Qe5 Qc7 25. Bxe6+ fxe6 26. Qxe6+ Kd8 27. Qf7 Ned5 28. Qxg6 R4h6 29. Qf5 Qf4+ 30. Rd2 Qxf5 31. Nxf5 Rg6 32. f3 Re8 33. Rxe8+ Nxe8 34. g4 Re6 35. h4 g6 36. Ng3 Nf4 37. Ne4 b6 38. c4 Nd6 39. Nxd6 Rxd6 40. Kc2 Re6 41. Rf2 Re3 42. b3 Ke7 43. h5 gxh5 44. gxh5 Kf6 45. h6 Kg6 46. Rh2 Kh7 47. d5 cxd5 48. cxd5 Nxd5 49. Rd2 Nb4+ 50. Kb2 Kxh6 51. Rd7 Rxf3 52. Rxa7 Rf2+ 53. Kc3 Nxa2+ 54. Kc4 Nc1 55. Ra6 Rf4+ 56. Kb5 1/2-1/2

[Event "Quebec-ch qual."]
[Site "Gatineau CAN"]
[Date "2009.03.24"]
[Round "3"]
[White "Jani, Louis"]
[Black "Jiang, Qizhe"]
[Result "1-0"]
[WhiteElo "1411"]
[BlackElo "1020"]
[PlyCount "75"]
[GameId "2160767910239823"]
[EventDate "2009.03.10"]
[EventType "swiss"]
[EventRounds "5"]
[EventCountry "CAN"]
[SourceTitle "EXT 2010"]
[Source "ChessBase"]
[SourceDate "2009.11.30"]
[SourceVersion "1"]
[SourceVersionDate "2009.11.30"]
[SourceQuality "1"]

1. f4 c5 2. Nf3 d5 3. e3 Nc6 4. Be2 Nf6 5. O-O e6 6. b3 Bd6 7. Bb2 O-O 8. Kh1 Re8 9. Nc3 a6 10. d4 cxd4 11. Nxd4 Nxd4 12. Qxd4 Qc7 13. Qd2 Qe7 14. Rad1 Bb4 15. Qc1 Qc7 16. Rd3 Bd7 17. a3 Bd6 18. Rfd1 Ne4 19. Nxe4 Bb5 20. Rc3 Bc6 21. Nxd6 Qxd6 22. Bd3 e5 23. fxe5 Rxe5 24. Bf1 Rh5 25. h3 Qg3 26. e4 Qg6 27. Rd4 h6 28. Qe3 dxe4 29. Qg3 Qxg3 30. Rxg3 Re8 31. Re3 Rf5 32. Kg1 Kh7 33. c4 b5 34. Be2 Rfe5 35. Rd6 R5e6 36. Rxe6 Rxe6 37. Bg4 Re5 38. Bxe5 1-0

[Event "Quebec-ch qual."]
[Site "Gatineau CAN"]
[Date "2009.03.24"]
[Round "3"]
[White "Labelle, Raymond"]
[Black "Thibault, Mario"]
[Result "0-1"]
[WhiteElo "1359"]
[BlackElo "1660"]
[PlyCount "50"]
[GameId "2160767910239824"]
[EventDate "2009.03.10"]
[EventType "swiss"]
[EventRounds "5"]
[EventCountry "CAN"]
[SourceTitle "EXT 2010"]
[Source "ChessBase"]
[SourceDate "2009.11.30"]
[SourceVersion "1"]
[SourceVersionDate "2009.11.30"]
[SourceQuality "1"]

1. e4 c5 2. Nf3 g6 3. d4 cxd4 4. Nxd4 Nc6 5. Nxc6 bxc6 6. Be3 Bg7 7. Bd4 e5 8. Bc3 d6 9. Bc4 Nf6 10. Qf3 O-O 11. O-O Qc7 12. Nd2 Bg4 13. Qg3 d5 14. exd5 cxd5 15. Bd3 Rfe8 16. Rfe1 Qd7 17. f3 Bf5 18. Rxe5 Rxe5 19. Bxe5 Nh5 20. Qe1 Re8 21. g4 Rxe5 22. Be2 Nf4 23. gxf5 Rxe2 24. Qc1 Qxf5 25. Rb1 Qg5+ 0-1

[Event "Quebec-ch qual."]
[Site "Gatineau CAN"]
[Date "2009.03.24"]
[Round "3"]
[White "Lacourse, Guy"]
[Black "Dagenais, Benoit"]
[Result "1-0"]
[WhiteElo "1606"]
[BlackElo "1250"]
[PlyCount "113"]
[GameId "2160767738598421"]
[EventDate "2009.03.10"]
[EventType "swiss"]
[EventRounds "5"]
[EventCountry "CAN"]
[SourceTitle "EXT 2010"]
[Source "ChessBase"]
[SourceDate "2009.11.30"]
[SourceVersion "1"]
[SourceVersionDate "2009.11.30"]
[SourceQuality "1"]

1. d4 f5 2. e4 fxe4 3. Nc3 Nf6 4. Bg5 d5 5. Bxf6 exf6 6. Qh5+ g6 7. Qxd5 Qxd5 8. Nxd5 Kd8 9. Nxf6 Bf5 10. g4 Be6 11. Nxe4 Bd5 12. f3 Bh6 13. Ne2 Be3 14. N2g3 Nc6 15. c3 Rf8 16. Bg2 Kd7 17. Nc5+ Kc8 18. Ke2 Nxd4+ 19. cxd4 Bxd4 20. Nd3 Bc4 21. Rac1 b5 22. b3 Bxd3+ 23. Kxd3 Rd8 24. Rcd1 Kb7 25. Ne2 Bc5+ 26. Kc2 Rd6 27. Rxd6 Bxd6 28. Rd1 Re8 29. f4+ Kb8 30. Bf3 Re3 31. Rd3 Re7 32. h3 Rf7 33. Rd4 h5 34. Bc6 hxg4 35. hxg4 Rh7 36. Re4 a6 37. Re6 g5 38. f5 Ka7 39. Be8 Kb6 40. Bh5 Kc5 41. Nc3 Kd4 42. Ne4 Re7 43. Rxe7 Bxe7 44. f6 Bf8 45. Nxg5 Ke5 46. f7 Kf6 47. Nh7+ Kg7 48. Nxf8 Kxf8 49. g5 c5 50. Kd3 c4+ 51. bxc4 bxc4+ 52. Kxc4 a5 53. Kd5 a4 54. Ke6 a3 55. g6 Kg7 56. Ke7 Kh6 57. f8=Q+ {Abandon} 1-0

[Event "Quebec-ch qual."]
[Site "Gatineau CAN"]
[Date "2009.03.24"]
[Round "3"]
[White "Lavergne, Daniel"]
[Black "Berthiaume, Serge"]
[Result "1-0"]
[WhiteElo "1614"]
[BlackElo "1299"]
[PlyCount "71"]
[GameId "2160767910239826"]
[EventDate "2009.03.10"]
[EventType "swiss"]
[EventRounds "5"]
[EventCountry "CAN"]
[SourceTitle "EXT 2010"]
[Source "ChessBase"]
[SourceDate "2009.11.30"]
[SourceVersion "1"]
[SourceVersionDate "2009.11.30"]
[SourceQuality "1"]

1. e4 e6 2. d4 d5 3. Nc3 c5 4. exd5 exd5 5. Bb5+ Bd7 6. Qe2+ Qe7 7. Bxd7+ Nxd7 8. Nxd5 Qxe2+ 9. Nxe2 cxd4 10. Nc7+ Kd8 11. Nxa8 d3 12. cxd3 Bd6 13. Bf4 Bxf4 14. Nxf4 Kc8 15. Rc1+ Kb8 16. Nd5 Ngf6 17. Nac7 Nxd5 18. Nxd5 Re8+ 19. Kd2 f6 20. Rc7 Nb6 21. Re7 Rxe7 22. Nxe7 Kc7 23. Re1 Nd7 24. Nf5 g6 25. Nd4 Ne5 26. Rxe5 fxe5 27. Nf3 Kd6 28. Ke3 Kd5 29. Nxe5 Kxe5 30. f4+ Kd5 31. g4 h6 32. h4 b5 33. b4 a6 34. a3 a5 35. bxa5 Kc6 36. d4 1-0

[Event "Quebec-ch qual."]
[Site "Gatineau CAN"]
[Date "2009.03.24"]
[Round "3"]
[White "Levesque, Andre"]
[Black "Pilon, Robert"]
[Result "1-0"]
[WhiteElo "1263"]
[BlackElo "1462"]
[PlyCount "39"]
[GameId "2160767910239827"]
[EventDate "2009.03.10"]
[EventType "swiss"]
[EventRounds "5"]
[EventCountry "CAN"]
[SourceTitle "EXT 2010"]
[Source "ChessBase"]
[SourceDate "2009.11.30"]
[SourceVersion "1"]
[SourceVersionDate "2009.11.30"]
[SourceQuality "1"]

1. e4 e6 2. d4 d5 3. Nd2 dxe4 4. Nxe4 b6 5. Bd3 Bb7 6. Nf3 Nf6 7. Nxf6+ Qxf6 8. Bb5+ Nc6 9. Bd3 Nxd4 10. Nxd4 Qxd4 11. Bb5+ c6 12. Qxd4 Bc5 13. Qxg7 O-O-O 14. Bd3 Rhg8 15. Qxf7 Bxf2+ 16. Qxf2 Rdf8 17. Qe2 c5 18. Qxe6+ Kd8 19. Qd6+ Kc8 20. Bf5+ 1-0

[Event "Quebec-ch qual."]
[Site "Gatineau CAN"]
[Date "2009.03.24"]
[Round "3"]
[White "MacIsaac, Alexandre"]
[Black "Van Dusen, Eric"]
[Result "0-1"]
[WhiteElo "1452"]
[BlackElo "1858"]
[PlyCount "108"]
[GameId "2160767910239828"]
[EventDate "2009.03.10"]
[EventType "swiss"]
[EventRounds "5"]
[EventCountry "CAN"]
[SourceTitle "EXT 2010"]
[Source "ChessBase"]
[SourceDate "2009.11.30"]
[SourceVersion "1"]
[SourceVersionDate "2009.11.30"]
[SourceQuality "1"]

1. Nf3 g6 2. g3 Bg7 3. d4 d6 4. Bg2 Nd7 5. b4 c5 6. bxc5 dxc5 7. Bb2 Nh6 8. Nbd2 O-O 9. Rb1 Rb8 10. dxc5 Nxc5 11. Bxg7 Kxg7 12. O-O b6 13. Nb3 Qxd1 14. Rbxd1 Na4 15. Rd3 Bf5 16. Re3 Bxc2 17. Rc1 Bxb3 18. axb3 Nc5 19. Rxe7 a5 20. Nd4 Nf5 21. Nxf5+ gxf5 22. Bd5 Rbe8 23. Rxe8 Rxe8 24. Bc4 Rd8 25. Rb1 Ne6 26. Bd3 Kf6 27. b4 a4 28. Ra1 Ra8 29. Bc2 b5 30. Bd3 Nc7 31. Rc1 Ra7 32. Rc6+ Kg7 33. Bxf5 a3 34. Rc1 a2 35. Ra1 Nd5 36. Bc2 Nxb4 37. Bb3 Ra3 38. Bd1 Nd5 39. e4 Nc3 40. Bc2 Ne2+ 41. Kf1 Nd4 42. Bd1 b4 43. f4 b3 44. Bxb3 Nxb3 45. e5 Nxa1 46. f5 Nc2 47. e6 fxe6 48. fxe6 a1=Q+ 49. Ke2 Qe5+ 50. Kf2 Qe3+ 51. Kg2 Ne1+ 52. Kh3 Qh6+ 53. Kg4 Ra4+ 54. Kf5 Qf6# 0-1

[Event "Quebec-ch qual."]
[Site "Gatineau CAN"]
[Date "2009.03.24"]
[Round "3"]
[White "Rainey, Ivan"]
[Black "Scantland, Patrick"]
[Result "1/2-1/2"]
[WhiteElo "1403"]
[BlackElo "1728"]
[PlyCount "146"]
[GameId "2160767910239829"]
[EventDate "2009.03.10"]
[EventType "swiss"]
[EventRounds "5"]
[EventCountry "CAN"]
[SourceTitle "EXT 2010"]
[Source "ChessBase"]
[SourceDate "2009.11.30"]
[SourceVersion "1"]
[SourceVersionDate "2009.11.30"]
[SourceQuality "1"]

1. d4 Nf6 2. c4 e6 3. Nf3 d5 4. Bg5 Nbd7 5. Nc3 Be7 6. cxd5 exd5 7. e3 c6 8. Bd3 h6 9. Bh4 O-O 10. Qc2 Re8 11. O-O Nf8 12. Rfe1 Be6 13. e4 dxe4 14. Nxe4 Nxe4 15. Bxe7 Rxe7 16. Bxe4 Qd6 17. Rad1 Rae8 18. Kf1 Bg4 19. h3 Bxf3 20. Bxf3 Rxe1+ 21. Rxe1 Rxe1+ 22. Kxe1 Qxd4 23. Qb3 Qe5+ 24. Kf1 Qc7 25. Qe3 b6 26. Qe8 c5 27. Bd5 Qd7 28. Qxd7 Nxd7 29. Ke2 Kf8 30. f4 Ke7 31. Kd3 f6 32. Kc4 Kd6 33. Be4 a6 34. Bb7 b5+ 35. Kc3 a5 36. a3 b4+ 37. Kc4 Kc7 38. Be4 Kb6 39. a4 h5 40. g4 hxg4 41. hxg4 g5 42. Bf5 Nb8 43. fxg5 fxg5 44. b3 Nc6 45. Kd5 Nd4 46. Kc4 Kc6 47. Be4+ Kd6 48. Bd3 Ke5 49. Kxc5 Nxb3+ 50. Kb5 Kd4 51. Bc2 Kc3 52. Bd1 Kb2 53. Ka6 Ka3 54. Kb5 Nd4+ 55. Kxa5 b3 56. Bxb3 Kxb3 57. Kb6 Kxa4 58. Kc5 Nf3 59. Kd5 Kb4 60. Ke4 Nh4 61. Kd4 Nf3+ 62. Ke4 Kc4 63. Kxf3 Kd3 64. Kg3 Ke3 65. Kh3 Kf3 66. Kh2 Kxg4 67. Kg2 Kf4 68. Kf2 g4 69. Kg2 g3 70. Kg1 Kg4 71. Kg2 Kh4 72. Kg1 Kh3 73. Kh1 g2+ 1/2-1/2

[Event "Quebec-ch qual."]
[Site "Gatineau CAN"]
[Date "2009.03.31"]
[Round "4"]
[White "Arsenault, Michel"]
[Black "Rainey, Ivan"]
[Result "1-0"]
[WhiteElo "1978"]
[BlackElo "1403"]
[PlyCount "45"]
[GameId "2160767910239832"]
[EventDate "2009.03.10"]
[EventType "swiss"]
[EventRounds "5"]
[EventCountry "CAN"]
[SourceTitle "EXT 2010"]
[Source "ChessBase"]
[SourceDate "2009.11.30"]
[SourceVersion "1"]
[SourceVersionDate "2009.11.30"]
[SourceQuality "1"]

1. c4 Nf6 2. g3 g6 3. Bg2 Bg7 4. Nc3 O-O 5. e4 d6 6. Nge2 e5 7. O-O Bg4 8. f3 Be6 9. d3 c5 10. f4 Qd7 11. f5 gxf5 12. Bg5 Ne8 13. Qd2 a6 14. exf5 Bxf5 15. Nd5 Be6 16. Nb6 Qc7 17. Nxa8 Qc8 18. Nb6 Qc7 19. Nd5 Bxd5 20. Bxd5 Nc6 21. Nc3 Kh8 22. Bh6 Bxh6 23. Qxh6 1-0

[Event "Quebec-ch qual."]
[Site "Gatineau CAN"]
[Date "2009.03.31"]
[Round "4"]
[White "Arsenault, Yves"]
[Black "Berthiaume, Patrick"]
[Result "1-0"]
[WhiteElo "1299"]
[BlackElo "1434"]
[PlyCount "53"]
[GameId "2160767910239833"]
[EventDate "2009.03.10"]
[EventType "swiss"]
[EventRounds "5"]
[EventCountry "CAN"]
[SourceTitle "EXT 2010"]
[Source "ChessBase"]
[SourceDate "2009.11.30"]
[SourceVersion "1"]
[SourceVersionDate "2009.11.30"]
[SourceQuality "1"]

1. e4 e6 2. d4 d5 3. Nd2 Nc6 4. Ngf3 Nge7 5. c4 Ng6 6. cxd5 exd5 7. exd5 Qxd5 8. Bc4 Qd8 9. Nb3 Bb4+ 10. Bd2 Qe7+ 11. Be2 Nf4 12. Kf1 Bxd2 13. Qxd2 Qxe2+ 14. Qxe2+ Nxe2 15. Kxe2 Be6 16. Nc5 Bc4+ 17. Kd2 O-O-O 18. Kc3 Bd5 19. Rad1 Bxf3 20. gxf3 Rd5 21. Rd3 Re8 22. Ne4 h6 23. Re1 Re6 24. Ree3 Re8 25. Nd6+ Rxd6 26. Rxe8+ Kd7 27. Re2 1-0

[Event "Quebec-ch qual."]
[Site "Gatineau CAN"]
[Date "2009.03.31"]
[Round "4"]
[White "Berthiaume, Serge"]
[Black "MacIsaac, Alexandre"]
[Result "0-1"]
[WhiteElo "1299"]
[BlackElo "1452"]
[PlyCount "68"]
[GameId "2160767910239834"]
[EventDate "2009.03.10"]
[EventType "swiss"]
[EventRounds "5"]
[EventCountry "CAN"]
[SourceTitle "EXT 2010"]
[Source "ChessBase"]
[SourceDate "2009.11.30"]
[SourceVersion "1"]
[SourceVersionDate "2009.11.30"]
[SourceQuality "1"]

1. d4 d5 2. Nf3 e6 3. Bf4 c5 4. Nc3 Qb6 5. Na4 Qa5+ 6. Nc3 Qb4 7. e3 Qxb2 8. Nb5 Na6 9. Nd6+ Bxd6 10. Bxd6 Qc3+ 11. Nd2 Nb4 12. Qc1 Qxa1 13. Qxa1 Nxc2+ 14. Kd1 Nxa1 15. Bxc5 Bd7 16. Kc1 b6 17. Ba3 Rc8+ 18. Kb2 Nc2 19. Ba6 Rc7 20. Rc1 Ba4 21. Bd3 Nf6 22. Bxc2 Rxc2+ 23. Rxc2 Bxc2 24. Kxc2 Ng4 25. Nb1 Kd7 26. Nc3 Nxf2 27. Nb5 Ne4 28. Nxa7 Rc8+ 29. Kb3 Rc3+ 30. Kb4 Rxe3 31. Bc1 Re2 32. a4 Nd6 33. Bf4 Rb2+ 34. Ka3 Nc4# 0-1

[Event "Quebec-ch qual."]
[Site "Gatineau CAN"]
[Date "2009.03.31"]
[Round "4"]
[White "Brousseau, Yvan"]
[Black "Cossette, Daniel"]
[Result "1-0"]
[WhiteElo "1998"]
[BlackElo "2018"]
[PlyCount "121"]
[GameId "2160767910239835"]
[EventDate "2009.03.10"]
[EventType "swiss"]
[EventRounds "5"]
[EventCountry "CAN"]
[SourceTitle "EXT 2010"]
[Source "ChessBase"]
[SourceDate "2009.11.30"]
[SourceVersion "1"]
[SourceVersionDate "2009.11.30"]
[SourceQuality "1"]

1. b3 Nf6 2. Bb2 g6 3. g4 Rg8 4. h3 d5 5. Bg2 Bg7 6. g5 Nh5 7. Bxg7 Nxg7 8. d4 Nc6 9. Nc3 e6 10. h4 f5 11. Qd2 a6 12. e3 Qd6 13. Nge2 Bd7 14. Nf4 O-O-O 15. Bf3 Be8 16. O-O-O Bf7 17. Kb2 Rdf8 18. Qe2 Ne7 19. Na4 e5 20. dxe5 Qxe5+ 21. c3 Rd8 22. Nc5 Ne6 23. Ncxe6 Bxe6 24. Qd3 Bf7 25. Qd4 Qxd4 26. exd4 c6 27. Rde1 Kd7 28. Nd3 Kd6 29. Re2 Rge8 30. Rhe1 b6 31. Ne5 Rf8 32. c4 Nc8 33. Nxf7+ Rxf7 34. cxd5 cxd5 35. Re6+ Kc7 36. R1e5 Rfd7 37. h5 gxh5 38. Rxf5 h4 39. Rh6 Ne7 40. Rf7 Ng6 41. Rfxh7 Rxh7 42. Rxh7+ Kc6 43. Bg4 Nf4 44. Rxh4 Nd3+ 45. Kc2 Nxf2 46. Bf5 Rg8 47. g6 Kd6 48. Rh7 Ne4 49. Rb7 Kc6 50. Ra7 a5 51. g7 Ng5 52. Kd3 Kd6 53. Ke3 Ne6 54. Bxe6 Kxe6 55. Rb7 Kf5 56. a4 Kg5 57. Rxb6 Rxg7 58. Rb5 Re7+ 59. Kd3 Kf4 60. Rxd5 Re3+ 61. Kc4 1-0

[Event "Quebec-ch qual."]
[Site "Gatineau CAN"]
[Date "2009.03.31"]
[Round "4"]
[White "Dagenais, Benoit"]
[Black "Labelle, Raymond"]
[Result "0-1"]
[WhiteElo "1250"]
[BlackElo "1359"]
[PlyCount "60"]
[GameId "2160767910239837"]
[EventDate "2009.03.10"]
[EventType "swiss"]
[EventRounds "5"]
[EventCountry "CAN"]
[SourceTitle "EXT 2010"]
[Source "ChessBase"]
[SourceDate "2009.11.30"]
[SourceVersion "1"]
[SourceVersionDate "2009.11.30"]
[SourceQuality "1"]

1. e4 e5 2. c3 Nf6 3. d4 Nxe4 4. Qf3 Ng5 5. Bxg5 Qxg5 6. Bc4 Qc1+ 7. Qd1 Qxb2 8. Bb3 Qxa1 9. Nf3 exd4 10. Nxd4 Bc5 11. Nc2 Qb2 12. O-O O-O 13. Re1 d6 14. Bxf7+ Kxf7 15. Qd5+ Kg6 16. Qd3+ Bf5 17. Qg3+ Kf7 18. Qh4 Qxc2 19. Re7+ Kg8 20. Qc4+ Kh8 21. h3 Qxf2+ 22. Kh2 Qg1+ 23. Kg3 Bf2+ 24. Kf4 Bd3+ 25. Rf7 Qc1+ 26. Kg4 Qd1+ 27. Kg5 Be3+ 28. Kh4 g5+ 29. Kg3 Qe1+ 30. Kg4 Qh4+ 0-1

[Event "Quebec-ch qual."]
[Site "Gatineau CAN"]
[Date "2009.03.31"]
[Round "4"]
[White "Gagnon, Fabien"]
[Black "Groleau, Gilles"]
[Result "1-0"]
[WhiteElo "1938"]
[BlackElo "1907"]
[PlyCount "111"]
[GameId "2160767910239838"]
[EventDate "2009.03.10"]
[EventType "swiss"]
[EventRounds "5"]
[EventCountry "CAN"]
[SourceTitle "EXT 2010"]
[Source "ChessBase"]
[SourceDate "2009.11.30"]
[SourceVersion "1"]
[SourceVersionDate "2009.11.30"]
[SourceQuality "1"]

1. e4 c5 2. Nf3 e6 3. d4 cxd4 4. Nxd4 a6 5. Nc3 Qc7 6. g3 Nc6 7. Bg2 Nge7 8. Be3 Nxd4 9. Bxd4 Nc6 10. Be3 b5 11. O-O Bb7 12. f4 Rc8 13. f5 Na5 14. Kh1 b4 15. fxe6 dxe6 16. Na4 Nc4 17. Bc1 Nd6 18. Bf4 Be7 19. Qg4 g6 20. Be5 O-O 21. Rad1 Qxc2 22. Bxd6 Bxd6 23. Rxd6 Qxa4 24. Qh4 Rce8 25. Qf6 Qc2 26. Rd4 Qxb2 27. h4 e5 28. Rd7 Re6 29. Qf3 Qc3 30. Rxb7 Qxf3 31. Rxf3 a5 32. Bf1 Rc6 33. Rb5 f6 34. Rxa5 Rd8 35. Ra6 Rxa6 36. Bxa6 Kf7 37. Rd3 Rxd3 38. Bxd3 Ke6 39. Bc4+ Kd6 40. Bg8 h6 41. Bf7 g5 42. h5 Kc5 43. Kg2 Kd4 44. Bg6 Ke3 45. g4 Ke2 46. Bf5 Ke3 47. Kf1 Kd2 48. Kf2 Kd3 49. Ke1 Kc3 50. Ke2 Kc2 51. Be6 Kc3 52. Ke3 Kc2 53. Bd5 Kc3 54. Bb3 Kb2 55. Kd3 Ka3 56. Kc4 1-0

[Event "Quebec-ch qual."]
[Site "Gatineau CAN"]
[Date "2009.03.31"]
[Round "4"]
[White "Guimond, Michel"]
[Black "Lacourse, Guy"]
[Result "1-0"]
[WhiteElo "1899"]
[BlackElo "1606"]
[PlyCount "53"]
[GameId "2160767910239839"]
[EventDate "2009.03.10"]
[EventType "swiss"]
[EventRounds "5"]
[EventCountry "CAN"]
[SourceTitle "EXT 2010"]
[Source "ChessBase"]
[SourceDate "2009.11.30"]
[SourceVersion "1"]
[SourceVersionDate "2009.11.30"]
[SourceQuality "1"]

1. e4 c5 2. Nf3 d6 3. d4 cxd4 4. Nxd4 Nf6 5. Nc3 a6 6. Bc4 e6 7. Bb3 Be7 8. g4 O-O 9. g5 Ne8 10. h4 Nc6 11. a3 Nxd4 12. Qxd4 e5 13. Qd3 Be6 14. Nd5 Bxd5 15. Bxd5 Qc8 16. Rg1 Nc7 17. Ba2 Ne6 18. c3 Nc5 19. Qf3 b5 20. g6 Qe8 21. Bh6 hxg6 22. h5 Kh7 23. Bg5 Bxg5 24. Rxg5 Ne6 25. hxg6+ fxg6 26. Qh3+ Kg8 27. Bxe6+ 1-0

[Event "Quebec-ch qual."]
[Site "Gatineau CAN"]
[Date "2009.03.31"]
[Round "4"]
[White "Jiang, Qizhe"]
[Black "Beland, Guy"]
[Result "1/2-1/2"]
[WhiteElo "1022"]
[BlackElo "1319"]
[PlyCount "52"]
[GameId "2160767910239840"]
[EventDate "2009.03.10"]
[EventType "swiss"]
[EventRounds "5"]
[EventCountry "CAN"]
[SourceTitle "EXT 2010"]
[Source "ChessBase"]
[SourceDate "2009.11.30"]
[SourceVersion "1"]
[SourceVersionDate "2009.11.30"]
[SourceQuality "1"]

1. e4 e5 2. Nf3 Nc6 3. Bc4 Nf6 4. Ng5 d5 5. exd5 Na5 6. Bb5+ c6 7. dxc6 Nxc6 8. Qf3 Bd7 9. O-O Nd4 10. Bxd7+ Qxd7 11. Qd1 Bd6 12. Nc3 O-O 13. d3 h6 14. Nf3 Rae8 15. Re1 Qc6 16. Nxd4 exd4 17. Ne2 Qc5 18. h3 Re6 19. Bd2 Rfe8 20. a3 g5 21. Bb4 Qd5 22. Bxd6 Qxd6 23. Qd2 Nh5 24. g3 Qe7 25. Kf1 Qf6 26. Kg2 Qg7 1/2-1/2